000 00353nam a2200145Ia 4500
008 100122s9999 xx 000 0 und d
082 _b74470
_aB001
100 _aARORA BOOK COMPANY
245 _a2500 WORDS WITH PICTURE
250 _a1
260 _c2006
630 _a2500 WORDS WITH PICTURE
730 _a2500 WORDS WITH PICTURE
942 _cBOOK
999 _c390500
_d390497